| 000 | 00636nam a2200181Ia 4500 | ||
|---|---|---|---|
| 003 | GCL | ||
| 008 | 140319s9999 xx 000 0 ara d | ||
| 040 |
_aGCL / _cGCL |
||
| 082 | 0 | 4 |
_a811.009 _bز خ |
| 100 | 1 | _aخليل زقطان | |
| 245 | 1 | 0 |
_aخليل زقطان الاعمال الشعرية غير المنشورة / _cخليل زقطان |
| 250 | _aالاولى | ||
| 260 |
_aالاردن : _bدار الكرمل للنشر والتوزيع ، _c1995 |
||
| 300 |
_a127 ص ؛ _c12 سم |
||
| 650 | 0 | 4 | _aالشعر العربى |
| 650 | 0 | 4 | _aالشعر العربى - تاريخ ونقد - العصرالحديث |
| 942 |
_2ddc _cBK |
||
| 999 |
_c217 _d217 |
||